000
00191nam a22000977a 4500
999
_c
533541
_d
533541
040
_c
dlc
082
_a
823.914
100
_a
Susan Howatch
_9
27483
245
_a
Cashelmara
942
_2
ddc
_c
BK